|
|
|
|
| LEADER |
00000cam a2200000 c 4500 |
| 001 |
1622410688 |
| 003 |
DE-627 |
| 005 |
20251225202501.0 |
| 007 |
tu |
| 008 |
161219s2018 xxk||||| 00| ||eng c |
| 016 |
7 |
|
|a GBB6J7400
|2 UK
|
| 020 |
|
|
|a 9780415785341
|c pbk. : £34.99
|9 978-0-415-78534-1
|
| 020 |
|
|
|a 9780895032904
|c hbk
|9 978-0-89503-290-4
|
| 035 |
|
|
|a (DE-627)1622410688
|
| 035 |
|
|
|a (DE-576)481083235
|
| 035 |
|
|
|a (DE-599)BSZ481083235
|
| 035 |
|
|
|a (BL)018131208
|
| 040 |
|
|
|a DE-627
|b ger
|c DE-627
|e rda
|
| 041 |
|
|
|a eng
|
| 044 |
|
|
|c XA-GB
|
| 082 |
0 |
|
|a 362.28
|
| 100 |
1 |
|
|a Lindsay, Mark
|d 1953-
|e VerfasserIn
|0 (DE-588)1146657528
|0 (DE-627)1008093173
|0 (DE-576)188899022
|4 aut
|
| 109 |
|
|
|a Lindsay, Mark 1953-
|
| 245 |
1 |
0 |
|a Suicide by cop
|b committing suicide by provoking police to shoot you
|c Mark Lindsay, David Lester
|
| 264 |
|
1 |
|a London
|b Routledge
|c 2018
|
| 300 |
|
|
|a 123 Seiten
|
| 336 |
|
|
|a Text
|b txt
|2 rdacontent
|
| 337 |
|
|
|a ohne Hilfsmittel zu benutzen
|b n
|2 rdamedia
|
| 338 |
|
|
|a Band
|b nc
|2 rdacarrier
|
| 490 |
0 |
|
|a Death, value and meaning series
|
| 650 |
|
0 |
|a Suicide by cop
|x United States
|
| 650 |
|
0 |
|a Police shootings
|x United States
|
| 650 |
|
0 |
|a Justifiable homicide
|x United States
|
| 650 |
|
0 |
|a Criminals
|x Suicidal behavior
|x United States
|
| 700 |
1 |
|
|a Lester, David
|d 1942-
|e VerfasserIn
|0 (DE-588)171303717
|0 (DE-627)061490822
|0 (DE-576)161967361
|4 aut
|
| 856 |
4 |
2 |
|u https://swbplus.bsz-bw.de/bsz1622410688inh.htm
|m V:DE-576;B:DE-Frei85
|q application/pdf
|v 20190626153141
|3 Inhaltsverzeichnis
|7 1
|
| 935 |
|
|
|a mkri
|
| 951 |
|
|
|a BO
|
| ELC |
|
|
|b 1
|
| LOK |
|
|
|0 000 xxxxxcx a22 zn 4500
|
| LOK |
|
|
|0 001 3245474784
|
| LOK |
|
|
|0 003 DE-627
|
| LOK |
|
|
|0 004 1622410688
|
| LOK |
|
|
|0 005 20190617122918
|
| LOK |
|
|
|0 008 161219||||||||||||||||ger|||||||
|
| LOK |
|
|
|0 040
|a DE-Frei85
|c DE-627
|d DE-Frei85
|
| LOK |
|
|
|0 852
|a DE-Frei85
|
| LOK |
|
|
|0 852 1
|m p
|9 00
|
| LOK |
|
|
|0 938
|k p
|
| LOK |
|
|
|0 939
|a 19-12-16
|b l01
|
| ORI |
|
|
|a SA-MARC-krimdoka001.raw
|